000 00500nam a2200217Ia 4500
003 OSt
005 20220928151330.0
006 a|||||r|||| 00| 0
007 ta
008 220927b |||||||| |||| 00| 0 eng d
024 _a123244
037 _cTextual
040 _aSDCL
_cSDCL
_beng
041 _2eng
_aeng
082 _aB9, L6
100 _aJagganath
_9517051
245 0 _aSiddhantsmrat.
260 _c1976
942 _hB9, L6
_cTEXL
_2CC
999 _c851115
_d851115